[Event "SC Gerthe - Werne 1 - SV Unser Fritz 1"]
[Site "Verbandsklasse - Gruppe 2 201"]
[Date "2018.12.02"]
[Round "4.5"]
[White "Distelrath, Oliver"]
[Black "Loeffelbein, Klaus"]
[Result "1-0"]
[WhiteElo "1855"]
[BlackElo "1842"]
[Annotator "Daniel"]
[PlyCount "81"]
[EventDate "2018.??.??"]

1. e4 c5 2. Nc3 Nc6 3. f4 g6 4. Nf3 Bg7 5. Be2 d6 6. O-O Nf6 7. Qe1 Nd4 8. Bd1
Bg4 9. Nxd4 cxd4 10. Nd5 Bxd1 11. Nxf6+ Bxf6 12. Qxd1 Qc7 13. c3 Rc8 14. Qa4+
Qc6 15. Qxc6+ Rxc6 16. Kf2 O-O 17. Ke2 Rfc8 18. Kd3 dxc3 19. dxc3 a5 20. a4 Rc5
21. Be3 Rh5 22. h3 e6 23. Rf3 Bd8 $11 24. g4 Rh4 25. Rg1 Rc6 26. f5 exf5 27.
exf5 d5 28. Re1 Rd6 29. Bf2 Rh6 30. Re8+ Kg7 31. Bc5 gxf5 32. Bxd6 Rxd6 33.
Rxf5 Bh4 34. Ree5 Rb6 35. Kc2 d4 36. cxd4 Rb4 37. b3 Rxd4 38. Rd5 Re4 39. Rd7
Bf6 40. g5 Be7 41. Rxb7 1-0

[Event "SC Gerthe - Werne 1 - SV Unser Fritz 1"]
[Site "Verbandsklasse - Gruppe 2 201"]
[Date "2018.12.02"]
[Round "4.6"]
[White "Melmer, Felix"]
[Black "Goessling, Juergen"]
[Result "1-0"]
[WhiteElo "1851"]
[BlackElo "1723"]
[PlyCount "69"]
[EventDate "2018.??.??"]

1. c4 Nf6 2. g3 e5 3. Bg2 Nc6 4. Nc3 Bc5 5. Nf3 O-O 6. O-O Re8 7. a3 a5 8. b3
d5 9. cxd5 Nxd5 10. Bb2 Be6 11. Ne4 Bd6 12. Nfg5 Bf8 13. Nxe6 Rxe6 14. Rc1 Nf6
15. Nc5 Bxc5 16. Rxc5 Qd6 17. Qc1 Rd8 18. d3 Nd7 19. Rc2 Rh6 20. Qg5 Rg6 21.
Qd2 Ndb8 22. Be4 Rh6 23. Qg5 f6 24. Qg4 Ne7 25. Bc1 f5 26. Bxf5 Nxf5 27. Qxf5
Rf6 28. Qe4 Rd7 29. Qxb7 Nc6 30. Bg5 Rg6 31. Qa8+ Kf7 32. Be3 Qe6 33. Rfc1 Nd4
34. Bxd4 exd4 35. Rxc7 1-0

[Event "SC Gerthe - Werne 1 - SV Unser Fritz 1"]
[Site "Verbandsklasse - Gruppe 2 201"]
[Date "2018.12.02"]
[Round "4.7"]
[White "Elsner, Mario"]
[Black "Meise, Ulrich"]
[Result "0-1"]
[WhiteElo "1794"]
[BlackElo "1817"]
[PlyCount "58"]
[EventDate "2018.??.??"]

1. g3 e5 2. Nf3 Nc6 3. c4 Nf6 4. d3 Bc5 5. Bg2 O-O 6. O-O d6 7. Nc3 h6 8. Na4
Bb6 9. Nxb6 axb6 10. Bd2 Bf5 11. b4 Qc8 12. Bc3 Bh3 13. Qb3 Bxg2 14. Kxg2 Ne7
15. e4 Ng6 16. Rae1 Nf4+ 17. Kh1 Qh3 18. Rg1 Ng4 19. Ref1 Ne2 20. Rg2 Nxc3 21.
Ng1 Qh5 22. Qxc3 Rxa2 23. Qe1 Rfa8 24. h3 Nf6 25. f4 exf4 26. gxf4 Rxg2 27.
Kxg2 b5 28. Nf3 bxc4 29. dxc4 Qg6+ 0-1

[Event "SC Gerthe - Werne 1 - SV Unser Fritz 1"]
[Site "Verbandsklasse - Gruppe 2 201"]
[Date "2018.12.02"]
[Round "4.8"]
[White "Kalle, Yannis"]
[Black "Tober, Julian"]
[Result "1-0"]
[WhiteElo "1716"]
[BlackElo "1714"]
[PlyCount "49"]
[EventDate "2018.??.??"]

1. e4 c5 2. Nf3 g6 3. d4 cxd4 4. Nxd4 Nc6 5. Be3 Bg7 6. Nc3 Nf6 7. f3 O-O 8.
Qd2 d5 9. Nxc6 bxc6 10. O-O-O Be6 11. Bh6 d4 12. Bxg7 Kxg7 13. Qxd4 Qa5 14. e5
Nd7 15. Re1 Nb6 16. h4 Rfd8 17. Qf4 h5 18. Bd3 c5 19. g4 hxg4 20. h5 Qb4 21.
Re4 Rd4 22. hxg6 fxg6 23. Rxd4 Qxd4 24. Qh6+ Kg8 25. Qxg6+ 1-0

[Event "FS Dortmund 1 - SG Bochum 4"]
[Site "Verbandsklasse - Gruppe 2 201"]
[Date "2018.12.02"]
[Round "4.3"]
[White "Butschek, Gerhard"]
[Black "Mewes, Karsten"]
[Result "0-1"]
[WhiteElo "1681"]
[BlackElo "1939"]
[PlyCount "50"]
[EventDate "2018.??.??"]

1. g3 d5 2. Bg2 e5 3. e4 dxe4 4. Qh5 Nd7 5. Nc3 Ngf6 6. Qe2 Bc5 7. Nxe4 Nxe4 8.
Bxe4 O-O 9. Nf3 Nf6 10. Nh4 Bxf2+ 11. Kxf2 Qd4+ 12. Qe3 Nxe4+ 13. Kf3 Qxe3+ 14.
Kxe3 Nd6 15. d3 Bd7 16. Bd2 f5 17. Ng2 Bc6 18. Rhg1 Rae8 19. a4 f4+ 20. gxf4
exf4+ 21. Kf2 Bxg2 22. Rxg2 f3 23. Rxg7+ Kxg7 24. Rg1+ Kf7 25. Bc3 Rg8 0-1

[Event "FS Dortmund 1 - SG Bochum 4"]
[Site "Verbandsklasse - Gruppe 2 201"]
[Date "2018.12.02"]
[Round "4.4"]
[White "Brendemühl, Bernd"]
[Black "Ziemann, David"]
[Result "1/2-1/2"]
[WhiteElo "1886"]
[BlackElo "1625"]
[PlyCount "40"]
[EventDate "2018.??.??"]

1. e4 c5 2. Nf3 g6 3. d4 cxd4 4. Nxd4 Nc6 5. Nc3 Bg7 6. Be3 Nf6 7. Be2 O-O 8.
Qd2 d5 9. exd5 Nxd5 10. Nxd5 Qxd5 11. Bf3 Qe5 12. Nxc6 bxc6 13. c3 Ba6 14.
O-O-O Qa5 15. a3 Bb5 16. Bh6 Rfd8 17. Qe3 Bxh6 18. Qxh6 Ba4 19. Rxd8+ Rxd8 20.
Qe3 Qf5 {(=)} 1/2-1/2

[Event "FS Dortmund 1 - SG Bochum 4"]
[Site "Verbandsklasse - Gruppe 2 201"]
[Date "2018.12.02"]
[Round "4.5"]
[White "Mazarov, Paul"]
[Black "Lauche, Christoph"]
[Result "0-1"]
[WhiteElo "1648"]
[BlackElo "1835"]
[PlyCount "66"]
[EventDate "2018.??.??"]

1. e4 d6 2. d4 Nf6 3. Nc3 Nbd7 4. Bc4 e5 5. Nf3 Be7 6. O-O c6 7. Be3 Qc7 8. Ng5
O-O 9. f4 b5 10. Bb3 b4 11. Ne2 Ng4 12. Bc1 exd4 13. Nxd4 Nc5 14. h3 Nxb3 15.
axb3 Nf6 16. Re1 c5 17. Ndf3 Bb7 18. e5 dxe5 19. fxe5 Nd5 20. Ne4 Rad8 21. Qe2
a6 22. c4 bxc3 23. bxc3 f5 24. exf6 Bxf6 25. Nxf6+ Nxf6 26. Qe6+ Kh8 27. Bg5
Bxf3 28. gxf3 Qg3+ 29. Kh1 Qxg5 30. Rg1 Qd5 31. Qxa6 Qxf3+ 32. Rg2 Rd2 33. Rag1
Qxh3+ 0-1

[Event "FS Dortmund 1 - SG Bochum 4"]
[Site "Verbandsklasse - Gruppe 2 201"]
[Date "2018.12.02"]
[Round "4.6"]
[White "Grube, Jörg"]
[Black "Gausmann, Thomas"]
[Result "1/2-1/2"]
[WhiteElo "1822"]
[BlackElo "1628"]
[PlyCount "28"]
[EventDate "2018.??.??"]

1. e4 e5 2. Nf3 Nc6 3. Bb5 a6 4. Ba4 Nf6 5. O-O b5 6. Bb3 Nxe4 7. Bd5 Nf6 8.
Bxc6 dxc6 9. Nxe5 Bb7 10. Re1 Be7 11. d3 O-O 12. Bg5 Re8 13. Nd2 h6 14. Be3 Nd5
{(=)} 1/2-1/2

[Event "FS Dortmund 1 - SG Bochum 4"]
[Site "Verbandsklasse - Gruppe 2 201"]
[Date "2018.12.02"]
[Round "4.7"]
[White "Benning, Martin"]
[Black "Jost, Udo"]
[Result "0-1"]
[WhiteElo "1604"]
[BlackElo "1751"]
[PlyCount "29"]
[EventDate "2018.??.??"]

1. e3 c5 2. Nf3 Nf6 3. c4 e6 4. Nc3 Nc6 5. d4 d5 6. cxd5 exd5 7. a3 Bf5 8. dxc5
Bxc5 9. Bd3 Bg6 10. O-O a6 11. b4 Bd6 12. Bxg6 hxg6 13. Nxd5 Nxd5 14. e4 Bxh2+
15. Nxh2 0-1

[Event "FS Dortmund 1 - SG Bochum 4"]
[Site "Verbandsklasse - Gruppe 2 201"]
[Date "2018.12.02"]
[Round "4.8"]
[White "Potyrala, Lukasz-Rafal"]
[Black "Wichmann, Luc"]
[Result "1/2-1/2"]
[WhiteElo "1619"]
[BlackElo "1234"]
[PlyCount "60"]
[EventDate "2018.??.??"]

1. d4 d5 2. Nf3 c5 3. c3 cxd4 4. Nxd4 e6 5. g3 Bd7 6. Bg2 Nc6 7. O-O Nf6 8. Bg5
Be7 9. Nd2 Nxd4 10. cxd4 Rc8 11. Qb3 Bc6 12. Rac1 h6 13. Bxf6 Bxf6 14. e3 O-O
15. Rc2 Qd7 16. Rc3 Ba4 17. Qa3 Be7 18. b4 Rxc3 19. Qxc3 Rc8 20. Qa3 a5 21. Rc1
Rxc1+ 22. Qxc1 Bxb4 23. Nf3 Qc6 24. Qxc6 Bxc6 25. Ne5 Bd6 26. Nxc6 bxc6 27. Kf1
Kf8 28. Ke2 Ke7 29. Kd3 f5 30. f4 h5 {(=)} 1/2-1/2

[Event "SVG Marten-Bövinghausen 1 - SV Kamen 2"]
[Site "Verbandsklasse - Gruppe 2 201"]
[Date "2018.12.02"]
[Round "4.1"]
[White "Georg, Felix"]
[Black "Hellwig, Thomas"]
[Result "0-1"]
[WhiteElo "1990"]
[BlackElo "1892"]
[PlyCount "118"]
[EventDate "2018.??.??"]

1. e4 c5 2. Nf3 d6 3. d4 cxd4 4. Nxd4 Nf6 5. Nc3 g6 6. Be2 Bg7 7. Be3 O-O 8. g4
d5 9. e5 Ne4 10. f4 Nxc3 11. bxc3 Nc6 12. O-O f6 13. exf6 Bxf6 14. f5 e5 15.
fxe6 Nxd4 16. Bxd4 Bxe6 17. Rb1 b6 18. Bxf6 Rxf6 19. Qd4 Rxf1+ 20. Rxf1 Qe7 21.
Kg2 Bf7 22. Qf2 Re8 23. Bd3 Qe6 24. Qd4 Qe5 25. Rf6 Re6 26. Qxe5 Rxe5 27. Rd6
Re7 28. Rc6 Kg7 29. Kf2 Be8 30. Rd6 Rd7 31. Rxd7+ Bxd7 32. g5 Kf7 33. Ke3 Ke7
34. Kf4 Kd6 35. h4 Be8 36. h5 Bf7 37. h6 Be8 38. c4 Bf7 39. cxd5 Kxd5 40. c3
Be8 41. Ba6 Bf7 42. Bb7+ Kd6 43. Be4 a5 44. a3 Be8 45. Bb1 Bf7 46. Bc2 Bg8 47.
a4 Bf7 48. Bb1 Bg8 49. Ke4 Bf7 50. Kd4 Ke7 51. Bc2 Kd6 52. Be4 Be8 53. Bd5 Bxa4
54. Bg8 Be8 55. c4 a4 56. Kc3 Ke5 57. Bxh7 Bf7 58. Kb4 Kf5 59. Kxa4 Bxc4 0-1

[Event "SVG Marten-Bövinghausen 1 - SV Kamen 2"]
[Site "Verbandsklasse - Gruppe 2 201"]
[Date "2018.12.02"]
[Round "4.2"]
[White "Große-Venhaus, Philipp"]
[Black "Neumann, Carsten"]
[Result "1/2-1/2"]
[WhiteElo "1793"]
[BlackElo "2002"]
[PlyCount "39"]
[EventDate "2018.??.??"]

1. e4 d6 2. d4 g6 3. Nf3 Bg7 4. c3 Nf6 5. Qc2 O-O 6. Be2 Nbd7 7. O-O e5 8. dxe5
dxe5 9. Rd1 Qe7 10. Nbd2 b6 11. b4 Bb7 12. a4 c5 13. b5 a6 14. Bb2 Rfd8 15.
bxa6 Bxa6 16. Bxa6 Rxa6 17. Nc4 Rda8 18. Nd6 Ne8 19. Nb5 Ndf6 20. c4 1/2-1/2

[Event "SVG Marten-Bövinghausen 1 - SV Kamen 2"]
[Site "Verbandsklasse - Gruppe 2 201"]
[Date "2018.12.02"]
[Round "4.3"]
[White "Koch, Marcel"]
[Black "Gielisch, Eckhart"]
[Result "0-1"]
[WhiteElo "1917"]
[BlackElo "1773"]
[PlyCount "108"]
[EventDate "2018.??.??"]

1. d4 d5 2. c4 e6 3. Nf3 Nf6 4. Nc3 c6 5. a3 dxc4 6. Ne5 b5 7. e3 Qc7 8. Be2
Nbd7 9. f4 Bb7 10. Bf3 Rd8 11. O-O a6 12. Qc2 c5 13. f5 Bxf3 14. Nxf3 exf5 15.
Qxf5 g6 16. Qc2 Bg7 17. d5 O-O 18. e4 Ne5 19. Bf4 Nh5 20. Bxe5 Bxe5 21. Nxe5
Qxe5 22. Rae1 Nf4 23. Nd1 Rfe8 24. Nf2 Nxd5 25. Ng4 Qg5 26. Qf2 f5 27. exd5
Qxg4 28. Qxc5 Re2 29. Rxe2 Qxe2 30. d6 Qd2 31. Qa7 Qxd6 32. Kh1 Qd3 33. Re1 Qe4
34. Rg1 Rd2 35. Qxa6 Rxb2 36. Qa5 Rb1 37. Qd8+ Kg7 38. h3 Rxg1+ 39. Kxg1 Qe1+
40. Kh2 Qe5+ 41. Kh1 c3 42. Qd1 Qc5 43. Qc2 Qxa3 44. Qe2 Qc5 45. Qc2 b4 46. h4
Qc4 47. Qa4 c2 48. Qa7+ Kh6 49. Qe3+ f4 50. Qe7 c1=Q+ 51. Kh2 Qc5 52. Qf6 Q1g1+
53. Kh3 Qc8+ 54. Qf5 Qxf5+ 0-1

[Event "SVG Marten-Bövinghausen 1 - SV Kamen 2"]
[Site "Verbandsklasse - Gruppe 2 201"]
[Date "2018.12.02"]
[Round "4.4"]
[White "Boxberg, Marc"]
[Black "Traunecker, Thomas"]
[Result "1/2-1/2"]
[WhiteElo "1805"]
[BlackElo "1871"]
[PlyCount "53"]
[EventDate "2018.??.??"]

1. e4 c5 2. Nf3 Nf6 3. e5 Nd5 4. Nc3 Nxc3 5. dxc3 Nc6 6. Bf4 Qc7 7. Qd2 e6 8.
Bd3 b6 9. O-O-O Bb7 10. Be4 h6 11. h4 O-O-O 12. Kb1 Kb8 13. c4 g6 14. Rhe1 Bg7
15. Bg3 Ne7 16. Bxb7 Kxb7 17. Qf4 Rhf8 18. Rd3 Nf5 19. Qe4+ Qc6 20. Qxc6+ dxc6
21. Bf4 Rxd3 22. cxd3 Rd8 23. Kc2 Kc7 24. g4 Nd4+ 25. Nxd4 Rxd4 26. Re4 Rxe4
27. dxe4 1/2-1/2

[Event "SVG Marten-Bövinghausen 1 - SV Kamen 2"]
[Site "Verbandsklasse - Gruppe 2 201"]
[Date "2018.12.02"]
[Round "4.6"]
[White "Davydov, Boris"]
[Black "Bals, Jochen"]
[Result "0-1"]
[WhiteElo "1710"]
[BlackElo "1855"]
[PlyCount "106"]
[EventDate "2018.??.??"]

1. d4 Nf6 2. c4 e6 3. Nf3 b6 4. g3 Bb7 5. Bg2 c5 6. O-O Be7 7. Nc3 cxd4 8. Nxd4
Bxg2 9. Kxg2 O-O 10. e3 Qc8 11. Qe2 Nc6 12. Nf3 Na5 13. b3 d5 14. Nd2 dxc4 15.
Nxc4 Nxc4 16. bxc4 Qc6+ 17. Kg1 Rfc8 18. c5 Bxc5 19. Bb2 Ne4 20. Rac1 Nxc3 21.
Rxc3 Qa4 22. a3 Bf8 23. Rfc1 Rxc3 24. Rxc3 Rd8 25. Rd3 Qc4 26. Rd2 Qxe2 27.
Rxe2 Bc5 28. Rc2 f6 29. Kf1 Kf7 30. Ke2 e5 31. Bc3 Ke6 32. Bb4 Rc8 33. a4 Rc7
34. a5 Bd6 35. Rxc7 Bxc7 36. axb6 axb6 37. Kd3 Bd6 38. Bc3 Kd5 39. e4+ Kc5 40.
f3 b5 41. Be1 b4 42. Bd2 g5 43. g4 Kb5 44. Bc1 b3 45. Bb2 Bc5 46. Kc3 Ka4 47.
Kc4 Bd4 48. Bc1 b2 49. Bxb2 Bxb2 50. Kd5 Bc1 51. Ke6 Bf4 52. Kxf6 Kb4 53. Kg7
Bxh2 0-1

[Event "SVG Marten-Bövinghausen 1 - SV Kamen 2"]
[Site "Verbandsklasse - Gruppe 2 201"]
[Date "2018.12.02"]
[Round "4.7"]
[White "Rotter, Chris"]
[Black "Gielisch, Ulrich"]
[Result "1/2-1/2"]
[WhiteElo "1711"]
[BlackElo "1665"]
[PlyCount "187"]
[EventDate "2018.??.??"]

1. Nf3 Nf6 2. g3 d5 3. Bg2 e6 4. d4 Bd6 5. O-O O-O 6. Bg5 Nbd7 7. Nbd2 h6 8.
Bxf6 Nxf6 9. c4 c6 10. Rc1 Bd7 11. a3 Re8 12. e3 e5 13. dxe5 Bxe5 14. Nxe5 Rxe5
15. cxd5 Nxd5 16. Nc4 Re7 17. Bxd5 cxd5 18. Qxd5 Qe8 19. Nd6 Bc6 20. Nxe8 Bxd5
21. Nc7 Rd8 22. Nxd5 Rxd5 23. Rc8+ Kh7 24. Rfc1 Red7 25. R1c2 b6 26. h4 Kg6 27.
Kg2 f6 28. R8c7 Kf7 29. b4 Ke7 30. Rxd7+ Rxd7 31. Rc3 Kf7 32. g4 g6 33. a4 Re7
34. Rd3 Rc7 35. b5 Ke7 36. Rd4 Rc2 37. Rb4 Rc7 38. Kg3 Rc2 39. Rd4 Rc3 40. Kf4
Rc2 41. f3 Rc5 42. e4 g5+ 43. hxg5 hxg5+ 44. Ke3 Rc3+ 45. Rd3 Rc4 46. Ra3 Kd6
47. Kd3 Rc7 48. Rc3 Rd7 49. Ke3 Ke5 50. Rd3 Rc7 51. Rd5+ Ke6 52. Kd4 Rc1 53.
Ke3 Re1+ 54. Kf2 Ra1 55. Rd4 Ra3 56. Rc4 Ke5 57. Kg3 Ra2 58. Rb4 Ra3 59. Rc4
Ra2 60. Rc8 Rxa4 61. Re8+ Kd6 62. Rd8+ Ke7 63. Rd5 Ke6 64. Kf2 a5 65. bxa6 Rxa6
66. Rb5 Kd6 67. Ke3 Ke6 68. Kd2 Kf7 69. Ke3 Ra3+ 70. Kf2 Ra2+ 71. Kg3 Ra6 72.
f4 Ra3+ 73. Kf2 gxf4 74. Rf5 Rb3 75. g5 f3 76. Rxf6+ Kg7 77. Kg3 b5 78. e5 Re3
79. e6 b4 80. Kf4 Re1 81. Kg4 Rg1+ 82. Kh5 Rh1+ 83. Kg4 Rg1+ 84. Kh4 Rh1+ 85.
Kg3 Rg1+ 86. Kf2 Rxg5 87. Rf7+ Kg6 88. Rb7 Re5 89. e7 Kf7 90. e8=Q+ Kxe8 91.
Kxf3 Rc5 92. Ke4 b3 93. Kd4 Rh5 94. Rxb3 1/2-1/2

[Event "SVG Marten-Bövinghausen 1 - SV Kamen 2"]
[Site "Verbandsklasse - Gruppe 2 201"]
[Date "2018.12.02"]
[Round "4.8"]
[White "Ahlich, Mike"]
[Black "Markert, Dirk"]
[Result "0-1"]
[WhiteElo "1721"]
[BlackElo "1838"]
[Annotator "Daniel"]
[PlyCount "82"]
[EventDate "2018.??.??"]

1. d4 d5 2. c4 e6 3. Nf3 Nf6 4. Bg5 Nbd7 5. e3 c6 6. a3 Be7 7. Be2 O-O 8. O-O
Ne4 9. Bxe7 Qxe7 10. Nc3 Nxc3 11. bxc3 dxc4 12. Bxc4 e5 13. Qb3 e4 14. Nd2 Nf6
15. a4 h5 16. Rae1 a6 17. a5 Qc7 18. Qa2 Ng4 19. g3 Nf6 20. f3 Bf5 21. fxe4 Bh3
22. Rf4 Rae8 $11 23. e5 Nd5 24. Bxd5 cxd5 25. c4 dxc4 26. Ne4 Re6 27. Ng5 Bg4
28. Nxe6 Bxe6 29. e4 c3 30. Qa3 Bh3 31. Rc1 c2 32. Rf2 Qc4 33. Qd6 Qd3 34. Qb4
Rc8 35. Qd2 Qxe4 36. Re2 Qf3 37. d5 Bg4 38. Ree1 Bf5 39. e6 fxe6 40. dxe6 Be4
41. Qf4 Qg2# 0-1

[Event "SG Witten 1 - SV Welper 2"]
[Site "Verbandsklasse - Gruppe 3 201"]
[Date "2018.12.02"]
[Round "4.1"]
[White "Marx, Patrick"]
[Black "Baldszun, Martin-Andreas"]
[Result "1-0"]
[WhiteElo "1925"]
[BlackElo "1848"]
[Annotator "Daniel"]
[PlyCount "93"]
[EventDate "2018.??.??"]

1. d4 Nf6 2. Nf3 g6 3. Bg5 Bg7 4. Nbd2 c5 5. e3 d5 6. c3 Qb6 7. Qb3 Qxb3 8.
axb3 Nbd7 9. Bb5 O-O 10. O-O cxd4 11. exd4 Nb6 12. Rfe1 e6 13. Ne5 Nbd7 14. h3
a6 15. b4 Rb8 16. Bd3 b5 17. Nc6 Rb6 18. Ne7+ Kh8 19. Nxc8 Rxc8 20. Ra5 Nb8 21.
Rea1 Nfd7 22. Be3 Kg8 23. Nb3 Kf8 24. Nc5 Rcc6 25. f4 f5 $11 26. Bf2 Bh6 27. g3
Kf7 28. Kg2 Nf6 29. Kf3 Bf8 30. g4 Bg7 31. Bh4 Bf8 32. Bxf6 Kxf6 33. Be2 Be7
34. h4 Kf7 35. h5 Bd6 36. Rh1 Bf8 37. Raa1 Bg7 38. Rag1 Rc8 39. Bd3 Bf6 40.
hxg6+ hxg6 41. Rh7+ Kg8 42. Ra7 Kf8 43. gxf5 gxf5 44. Rg6 Be7 45. Bxf5 Kf7 46.
Rxe6 Nc6 47. Rexe7+ 1-0

[Event "SG Witten 1 - SV Welper 2"]
[Site "Verbandsklasse - Gruppe 3 201"]
[Date "2018.12.02"]
[Round "4.2"]
[White "Werschmoeller, Thomas"]
[Black "Sharma, Danesh"]
[Result "1-0"]
[WhiteElo "1847"]
[BlackElo "1885"]
[PlyCount "53"]
[EventDate "2018.??.??"]

1. e4 e5 2. Nf3 Nc6 3. Bb5 a6 4. Ba4 Nf6 5. O-O b5 6. Bb3 Be7 7. Re1 O-O 8. Bd5
Nxd5 9. exd5 Nb4 10. a4 bxa4 11. Rxa4 Nxd5 12. Nxe5 Bb7 13. Rg4 d6 14. Nc4 f5
15. Rg3 f4 16. Rb3 Rb8 17. Na5 Ba8 18. Rxb8 Qxb8 19. c4 Bh4 20. g3 fxg3 21.
hxg3 Bxg3 22. fxg3 Qb6+ 23. d4 Qxa5 24. Bd2 Nb4 25. Qg4 Bf3 26. Qe6+ Kh8 27.
Qf7 1-0

[Event "SG Witten 1 - SV Welper 2"]
[Site "Verbandsklasse - Gruppe 3 201"]
[Date "2018.12.02"]
[Round "4.4"]
[White "Hustert, Dirk"]
[Black "Wallhof, Dieter"]
[Result "1-0"]
[WhiteElo "2035"]
[BlackElo "1867"]
[PlyCount "89"]
[EventDate "2018.??.??"]

1. d4 Nf6 2. c4 g6 3. Nc3 d5 4. Nf3 Bg7 5. Bf4 O-O 6. e3 c5 7. dxc5 Qa5 8. Nd2
dxc4 9. Bxc4 Qxc5 10. O-O Nh5 11. Nce4 Qb6 12. Bg5 Nc6 13. Bb3 Qc7 14. Nc3 Bxc3
15. bxc3 Qa5 16. Bh6 Ng7 17. Qc2 Qh5 18. Bf4 Be6 19. Qb2 b6 20. Bd1 Qf5 21. Be2
Na5 22. c4 Rac8 23. Rac1 g5 24. Be5 f6 25. Bd4 Bf7 26. Qa3 Qd7 27. Rfd1 Ne6 28.
Nb3 Nxb3 29. axb3 Qc7 30. Bg4 h5 31. Bf5 Rcd8 32. b4 Ng7 33. Bd3 e5 34. Bb2 Qe7
35. c5 bxc5 36. bxc5 Qc7 37. Bc3 Rd7 38. c6 Rd5 39. e4 Rxd3 40. Rxd3 Be6 41.
Ba5 Qf7 42. c7 Bc8 43. Rd8 Ne6 44. Rcd1 Nd4 45. Rb1 1-0

[Event "SG Witten 1 - SV Welper 2"]
[Site "Verbandsklasse - Gruppe 3 201"]
[Date "2018.12.02"]
[Round "4.5"]
[White "Sharma, Rakesh"]
[Black "Wendehals, Thomas"]
[Result "0-1"]
[WhiteElo "1849"]
[BlackElo "1748"]
[PlyCount "58"]
[EventDate "2018.??.??"]

1. d4 Nf6 2. Bg5 g6 3. Bxf6 exf6 4. e3 f5 5. Nc3 Bg7 6. Bc4 d6 7. Nge2 c6 8.
Nf4 Nd7 9. O-O Nf6 10. a4 O-O 11. b4 Bd7 12. Rb1 Qc7 13. Nce2 Rfe8 14. Bb3 Be6
15. Nxe6 fxe6 16. Nf4 d5 17. c4 g5 18. Nh5 Ng4 19. Ng3 h5 20. h3 Nxe3 21. fxe3
Qxg3 22. Qxh5 Qxe3+ 23. Kh1 Qxd4 24. cxd5 cxd5 25. Rbd1 Qh4 26. Qxh4 gxh4 27.
Rf4 Bf6 28. g4 hxg3 29. Rg1 Kf7 0-1

[Event "SG Witten 1 - SV Welper 2"]
[Site "Verbandsklasse - Gruppe 3 201"]
[Date "2018.12.02"]
[Round "4.6"]
[White "Stephan, Joerg"]
[Black "Kleff, Tim"]
[Result "1-0"]
[WhiteElo "1738"]
[BlackElo "1769"]
[PlyCount "135"]
[EventDate "2018.??.??"]

1. d4 d5 2. Nf3 Nf6 3. c4 e6 4. Nc3 Be7 5. Bf4 c6 6. e3 Nbd7 7. Bd3 Nh5 8. Bg3
Nxg3 9. hxg3 h6 10. Qc2 Nf6 11. c5 b6 12. b4 a5 13. bxa5 bxc5 14. dxc5 Bxc5 15.
O-O Qxa5 16. Nb5 Nd7 17. Nbd4 Qc7 18. Rfc1 Bb7 19. Bg6 O-O 20. Bh5 Qd6 21. Bg4
Ba6 22. a4 Rfb8 23. Bh3 Rb4 24. g4 g5 25. Qd2 Nb6 26. Nxc6 Nc4 27. Rxc4 Rxc4
28. Nce5 Rb4 29. Qc2 Bc4 30. Nxf7 Kxf7 31. Qh7+ Ke8 32. Qg8+ Qf8 33. Qxe6+ Kd8
34. Ne5 Rb7 35. Nxc4 dxc4 36. Rd1+ Kc7 37. g3 Rxa4 38. Qd7+ Kb8 39. Qxa4 Rb2
40. Rf1 c3 41. Bg2 Bb4 42. Qa8+ Kc7 43. Qc6+ Kd8 44. Rd1+ Rd2 45. Rxd2+ cxd2
46. Qa8+ Kc7 47. Qb7+ Kd8 48. Qd5+ Qd6 49. Qxd6+ Bxd6 50. Bf3 Ke7 51. Kf1 Bb4
52. Ke2 Kd6 53. Kd3 Ke5 54. Bd1 Ba5 55. f4+ Kf6 56. Ke4 Bb4 57. Kf3 Ba5 58. e4
Bc3 59. e5+ Ke7 60. Ke4 Ke6 61. Bb3+ Ke7 62. Kf5 Bd4 63. Kg6 gxf4 64. gxf4 Be3
65. f5 Bf4 66. f6+ Kf8 67. e6 Bg5 68. e7+ 1-0

[Event "SG Witten 1 - SV Welper 2"]
[Site "Verbandsklasse - Gruppe 3 201"]
[Date "2018.12.02"]
[Round "4.7"]
[White "Schaller, Kai"]
[Black "Aufermann, Dirk"]
[Result "1-0"]
[WhiteElo "1735"]
[BlackElo "1752"]
[PlyCount "79"]
[EventDate "2018.??.??"]

1. e4 Nf6 2. e5 Nd5 3. d4 Nc6 4. c4 Nb6 5. Nc3 d6 6. exd6 cxd6 7. Be3 g6 8. Rc1
Bg7 9. b3 O-O 10. d5 Ne5 11. Be2 Re8 12. f4 Ned7 13. Nf3 Nf6 14. O-O Bg4 15. h3
Bxf3 16. Bxf3 Rc8 17. g4 Rf8 18. g5 Ne8 19. Bg4 Ra8 20. f5 Nd7 21. Ne4 Ne5 22.
f6 exf6 23. gxf6 Nxg4 24. hxg4 Bh8 25. Bh6 Rc8 26. g5 Qb6+ 27. Kg2 Nc7 28. Bxf8
Rxf8 29. Qd3 h5 30. gxh6 Re8 31. h7+ Kf8 32. Rce1 Re5 33. Rf2 Na6 34. Qd2 Ke8
35. Ng5 Nc5 36. Rxe5+ dxe5 37. Qe3 Qc7 38. Ne4 Nd7 39. c5 Qc8 40. Nd6+ 1-0

[Event "SG Witten 1 - SV Welper 2"]
[Site "Verbandsklasse - Gruppe 3 201"]
[Date "2018.12.02"]
[Round "4.8"]
[White "Altenschoepfer, Maximilian"]
[Black "Berke, Martin"]
[Result "0-1"]
[WhiteElo "1554"]
[BlackElo "1744"]
[PlyCount "70"]
[EventDate "2018.??.??"]

1. d4 Nf6 2. c4 e5 3. d5 c6 4. Bg5 cxd5 5. Bxf6 Qxf6 6. cxd5 Bb4+ 7. Nc3 O-O 8.
e4 Qg6 9. Qc2 d6 10. g3 Nd7 11. Bd3 Nc5 12. Nge2 Bh3 13. f4 f5 14. a3 Nxd3+ 15.
Qxd3 fxe4 16. Qe3 Bg2 17. Rg1 Bc5 18. Qd2 Bxg1 19. Nxg1 Bf3 20. Nh3 Bg4 21. Ng5
exf4 22. Ne6 Bxe6 23. dxe6 Qxe6 24. gxf4 e3 25. Qd5 Qxd5 26. Nxd5 Rae8 27. Rc1
Rf5 28. Rd1 Kf7 29. Ke2 Rh5 30. Nxe3 Rxh2+ 31. Kd3 Rh3 32. Re1 Kf6 33. Kd4
Rhxe3 34. Rxe3 Rxe3 35. Kxe3 Kf5 0-1

[Event "SV Mülheim-Nord 4 - SV Unna 1"]
[Site "Verbandsklasse - Gruppe 3 201"]
[Date "2018.12.02"]
[Round "4.1"]
[White "Barskij, Aleksandr"]
[Black "Oltmanns, Jan"]
[Result "1/2-1/2"]
[WhiteElo "1912"]
[BlackElo "1910"]
[PlyCount "77"]
[EventDate "2018.??.??"]

1. e4 Nf6 2. e5 Nd5 3. d4 d6 4. c4 Nb6 5. exd6 exd6 6. Nc3 Nc6 7. h3 Bf5 8. Be3
Be7 9. Nf3 O-O 10. b3 a5 11. Bd3 Bxd3 12. Qxd3 Bf6 13. Ne4 d5 14. Nxf6+ Qxf6
15. c5 Nd7 16. O-O Nb4 17. Qd2 Qg6 18. Bf4 c6 19. Ne5 Nxe5 20. Bxe5 f6 21. Bc7
Qc2 22. Rfd1 Rfe8 23. Qxc2 Nxc2 24. Rac1 Na3 25. Re1 Rxe1+ 26. Rxe1 Kf7 27. Bd6
Re8 28. Rxe8 Kxe8 29. Bc7 a4 30. Bf4 Nc2 31. Be3 axb3 32. axb3 Na1 33. Kf1 Nxb3
34. Ke2 Kd7 35. Kd3 Ke6 36. g4 g6 37. Bf4 h5 38. Bc7 Nc1+ 39. Kd2 1/2-1/2

[Event "SV Mülheim-Nord 4 - SV Unna 1"]
[Site "Verbandsklasse - Gruppe 3 201"]
[Date "2018.12.02"]
[Round "4.2"]
[White "Sokalskaja, Elena"]
[Black "Solberg, Kirsten"]
[Result "0-1"]
[WhiteElo "1950"]
[BlackElo "1818"]
[PlyCount "90"]
[EventDate "2018.??.??"]

1. d4 d5 2. c4 e6 3. Nc3 Nf6 4. Bg5 c6 5. e3 Be7 6. Nf3 O-O 7. Qc2 Nbd7 8. Bd3
Re8 9. O-O Nf8 10. Ne5 N6d7 11. Bxe7 Qxe7 12. f4 f6 13. Nxd7 Bxd7 14. Rae1 Rac8
15. e4 dxc4 16. Bxc4 Qb4 17. Qb3 Qxb3 18. Bxb3 c5 19. dxc5 Rxc5 20. Rd1 Kf7 21.
e5 f5 22. g4 g6 23. g5 b5 24. Rd4 a5 25. Rfd1 Ke7 26. R1d2 Rec8 27. a4 b4 28.
Ne2 Bc6 29. Rd6 Be4 30. Nd4 Rc1+ 31. Kf2 Rh1 32. Nxe6 Rxh2+ 33. Ke3 Rh3+ 34.
Kf2 Rxb3 35. Nxf8 Kxf8 36. Rd7 Rh3 37. Ra7 Rh2+ 38. Ke3 Rxd2 39. Kxd2 Rc2+ 40.
Ke3 Rxb2 41. Rxa5 Rb3+ 42. Kd4 Rd3+ 43. Kc5 b3 44. Ra6 b2 45. Rb6 Rd2 0-1

[Event "SV Mülheim-Nord 4 - SV Unna 1"]
[Site "Verbandsklasse - Gruppe 3 201"]
[Date "2018.12.02"]
[Round "4.3"]
[White "Reininghaus, Dennis"]
[Black "Schmidt, Kevin"]
[Result "1-0"]
[WhiteElo "1742"]
[BlackElo "1897"]
[Annotator "Daniel"]
[PlyCount "63"]
[EventDate "2018.??.??"]

1. d4 Nf6 2. Nf3 e6 3. e3 c5 4. c3 d5 5. Bd3 b6 6. O-O Be7 7. Nbd2 Bb7 8. Ne5
O-O 9. f4 Ne4 10. Nxe4 dxe4 11. Bc4 Bd5 12. Be2 Nd7 13. Bd2 f6 14. Nxd7 Qxd7
15. Bg4 Bc4 16. Rf2 f5 17. Be2 Bxe2 18. Qxe2 a6 19. Rff1 b5 20. Rfd1 c4 21. b4
a5 22. a3 $11 axb4 23. axb4 Ra7 24. Be1 Rfa8 25. Qb2 Kh8 26. Rxa7 Qxa7 27. Rb1
g5 28. Bg3 Qa2 29. Qc1 Ra3 30. Rb2 Rxc3 31. Qxc3 Qa1+ 32. Kf2 1-0